Bioquímica : Manual de prácticas

Bibliographic Details
Main Authors: Flores Alvarado, Luis Javier, Sánchez Enríquez, Sergio, Uribe Luna, Sonia
Format: Section = Libro
Language:Undetermined
Spanish
Published: México McGraw-Hill 2005
Subjects:
LEADER 00589nam a2200217Ia 4500
008 240830s9999 xx 000 0 und d
020 |a 970-10-5036-3 
040 |a B-ESTELÍ- RUACS / 574.192 F634 
041 |a spa 
082 |a 574.192 F634 
100 1 |a Flores Alvarado, Luis Javier 
100 1 |b  Sánchez Enríquez, Sergio 
100 1 |c  Uribe Luna, Sonia 
245 1 0 |a Bioquímica : Manual de prácticas 
260 |a México  |b McGraw-Hill  |c 2005 
300 |a 88p:il 
650 7 |a BIOQUÍMICA 
650 7 |b  MANUAL DE PRÁCTICAS 
942 |c BK  |2 ddc 
991 |a TEXTO 
999 |c 11081